[Event "British Chess Championships 2023: AM Tournament U1600"]
[Site "De Montfort University, 20 Western Boulevard, Leicester, LE2 7BU"]
[Date "2023.07.24"]
[Round "1"]
[Board "1"]
[White "Jestico, John V"]
[Black "Gilbert, David J"]
[Result "0-1"]
[WhiteElo "1466"]
[BlackElo "1603"]
[PlyCount "62"]
[EventDate "2023.07.24"]
[EventRounds "6"]
[EventCountry "ENG"]

1. c4 e5 2. Nc3 Nf6 3. g3 d5 4. d3 dxc4 5. dxc4 Qxd1+ 6. Nxd1 Bb4+ 7. Bd2 Bxd2+ 8.
Kxd2 O-O 9. Bg2 Nc6 10. Bxc6 bxc6 11. Nc3 Be6 12. b3 Ng4 13. Ke1 Rad8 14. Rd1 Rxd1+
15. Nxd1 Rd8 16. h3 Rxd1+ 17. Kxd1 Nxf2+ 18. Ke1 Nxh1 19. g4 Ng3 20. Nf3 f6 21. Nd2
f5 22. Kf2 fxg4 23. Kxg3 gxh3 24. c5 Kf7 25. a3 g5 26. b4 h5 27. Ne4 h4+ 28. Kh2
Kg6 29. Nf2 g4 30. Nd3 g3+ 31. Kg1 h2+  0-1

[Event "British Chess Championships 2023: AM Tournament U1600"]
[Site "De Montfort University, 20 Western Boulevard, Leicester, LE2 7BU"]
[Date "2023.07.24"]
[Round "1"]
[Board "2"]
[White "Mathur, Vihaan"]
[Black "Dunne, David C"]
[Result "1-0"]
[WhiteElo "1601"]
[BlackElo "1448"]
[PlyCount "83"]
[EventDate "2023.07.24"]
[EventRounds "6"]
[EventCountry "ENG"]

1. d4 Nf6 2. c4 g6 3. Bf4 d6 4. Nc3 Bg7 5. e3 Nbd7 6. Nf3 O-O 7. Be2 c5 8. O-O Nh5
9. Bg3 Nxg3 10. hxg3 Nf6 11. b3 a6 12. Qc2 cxd4 13. exd4 Bg4 14. Rad1 Rc8 15. Nh2
Bxe2 16. Qxe2 Qa5 17. Rc1 b5 18. Nf3 bxc4 19. bxc4 e6 20. Nd2 Nh5 21. Nb3 Qb6 22.
Rfd1 e5 23. Nd5 Qa7 24. Kh2 exd4 25. Ne7+ Kh8 26. Nxc8 Rxc8 27. Nxd4 Bxd4 28. Qg4
Rxc4 29. Rxc4 Bxf2 30. Rc3 Qe7 31. Rf1 f5 32. Qb4 Bc5 33. Qb8+ Kg7 34. Rb3 Qg5 35.
Rb7+ Kh6 36. Qf8+ Ng7 37. Qxg7+ Kh5 38. Qxh7+ Qh6 39. g4+ fxg4 40. Rf5+ g5 41. Qxh6+
Kxh6 42. Rf6+  1-0

[Event "British Chess Championships 2023: AM Tournament U1600"]
[Site "De Montfort University, 20 Western Boulevard, Leicester, LE2 7BU"]
[Date "2023.07.24"]
[Round "1"]
[Board "3"]
[White "Revitt, Ian"]
[Black "Pride, Stephen C"]
[Result "0-1"]
[WhiteElo "1417"]
[BlackElo "1584"]
[PlyCount "94"]
[EventDate "2023.07.24"]
[EventRounds "6"]
[EventCountry "ENG"]

1. e4 Nf6 2. e5 Nd5 3. c4 Nb6 4. Nf3 d6 5. exd6 exd6 6. Be2 Bg4 7. d3 Be7 8. Qc2
Nc6 9. O-O O-O 10. Re1 Bf6 11. Nbd2 d5 12. Rb1 Nb4 13. Qb3 c5 14. cxd5 Qxd5 15. Qxd5
N6xd5 16. a3 Nc2 17. Rf1 Rfe8 18. Bd1 Nd4 19. Nxd4 Bxd1 20. Rxd1 Bxd4 21. Nf3 Re2
22. Nxd4 cxd4 23. Bg5 Rae8 24. Kf1 f6 25. Bh4 Kf7 26. f3 Rc2 27. Bf2 Ne3+ 28. Bxe3
Rxe3 29. Rdc1 Ree2 30. Rxc2 Rxc2 31. h3 Kg6 32. g3 Rd2 33. a4 Rxd3 34. Ke2 Re3+ 35.
Kf2 Rb3 36. Ke2 Kf5 37. a5 a6 38. Kf2 Ke5 39. Re1+ Kd6 40. Re2 d3 41. Rd2 Kc5 42.
Ke3 Kb4 43. Kd4 Kxa5 44. Kc4 Ka4 45. Rd1 b5+ 46. Kc5 Rxb2 47. Rxd3 Rb3  0-1

[Event "British Chess Championships 2023: AM Tournament U1600"]
[Site "De Montfort University, 20 Western Boulevard, Leicester, LE2 7BU"]
[Date "2023.07.24"]
[Round "1"]
[Board "4"]
[White "Rattray, Roland"]
[Black "Miles, Barry S"]
[Result "1-0"]
[WhiteElo "1555"]
[BlackElo "1407"]
[PlyCount "75"]
[EventDate "2023.07.24"]
[EventRounds "6"]
[EventCountry "ENG"]

1. e4 c5 2. Nc3 e6 3. Bc4 Nc6 4. f4 g6 5. Nf3 Bg7 6. O-O Nge7 7. Nb5 d5 8. exd5 exd5
9. Be2 a6 10. Nc3 O-O 11. Ng5 Nd4 12. Nf3 Ndc6 13. Rb1 Bf5 14. Nh4 Be6 15. Na4 Qa5
16. b3 b5 17. Nc3 Bxc3 18. dxc3 Qxc3 19. Bd2 Qf6 20. Qe1 Nf5 21. Nf3 Rae8 22. Qf2
d4 23. Rbc1 Rd8 24. Bd3 Rfe8 25. Rce1 Re7 26. Ne5 Bd5 27. Bxf5 Qxf5 28. Nxc6 Rxe1
29. Nxd8 Re8 30. Ba5 Qd7 31. Qh4 c4 32. Re1 Be4 33. Qf6 d3 34. Bc3 Kf8 35. Qg7+ Ke7
36. Bf6+ Kd6 37. Nxf7+ Kc6 38. Ne5+  1-0

[Event "British Chess Championships 2023: AM Tournament U1600"]
[Site "De Montfort University, 20 Western Boulevard, Leicester, LE2 7BU"]
[Date "2023.07.24"]
[Round "1"]
[Board "5"]
[White "Brown, Stephanie"]
[Black "Joseph, Tomy"]
[Result "0-1"]
[WhiteElo "1406"]
[BlackElo "1549"]
[PlyCount "46"]
[EventDate "2023.07.24"]
[EventRounds "6"]
[EventCountry "ENG"]

1. d4 d5 2. c4 e6 3. Nf3 c5 4. e3 Nc6 5. a3 Nf6 6. dxc5 Bxc5 7. b4 Be7 8. Nc3 O-O
9. Bb2 a5 10. b5 Nb8 11. Be2 dxc4 12. Bxc4 Qc7 13. Qe2 b6 14. O-O Bb7 15. e4 Nbd7
16. Rad1 Rfd8 17. e5 Bxf3 18. gxf3 Nxe5 19. Bd3 Nxd3 20. Rxd3 Rxd3 21. Qxd3 Rd8 22.
Qc2 Qf4 23. Qe2 Bd6  0-1

[Event "British Chess Championships 2023: AM Tournament U1600"]
[Site "De Montfort University, 20 Western Boulevard, Leicester, LE2 7BU"]
[Date "2023.07.24"]
[Round "1"]
[Board "8"]
[White "Chadwick, Susan E"]
[Black "Hodges, John"]
[Result "1-0"]
[WhiteElo "1455"]
[BlackElo "1352"]
[PlyCount "65"]
[EventDate "2023.07.24"]
[EventRounds "6"]
[EventCountry "ENG"]

1. e4 b6 2. d4 Bb7 3. Bd3 e6 4. Nf3 Nf6 5. O-O Nxe4 6. Re1 Nf6 7. Nbd2 Ba6 8. Bxa6
Nxa6 9. b3 Be7 10. Bb2 Nd5 11. Qe2 Nb8 12. c4 Nf6 13. Rad1 O-O 14. Ne4 Re8 15. Ng3
d6 16. Qd2 d5 17. Ne5 c6 18. Rc1 Nfd7 19. f4 Nxe5 20. fxe5 Bg5 21. Qe2 Bxc1 22. Bxc1
Nd7 23. Rf1 Nf8 24. Qg4 Qd7 25. h4 Kh8 26. Nh5 Ng6 27. Ng3 Rg8 28. h5 Nf8 29. Qf4
dxc4 30. bxc4 a6 31. h6 gxh6 32. Qf6+ Rg7 33. Bxh6  1-0

[Event "British Chess Championships 2023: AM Tournament U1600"]
[Site "De Montfort University, 20 Western Boulevard, Leicester, LE2 7BU"]
[Date "2023.07.24"]
[Round "1"]
[Board "9"]
[White "Walsh, Shaun"]
[Black "Fraser, Chris A"]
[Result "0-1"]
[WhiteElo "1323"]
[BlackElo "1508"]
[PlyCount "120"]
[EventDate "2023.07.24"]
[EventRounds "6"]
[EventCountry "ENG"]

1. e4 c5 2. Nf3 g6 3. c4 Nc6 4. Nc3 Bg7 5. Be2 e5 6. O-O Nge7 7. b3 O-O 8. Bb2 d6
9. Rb1 f5 10. d3 f4 11. a3 Bg4 12. Na2 Bxf3 13. Bxf3 Kh8 14. Nc1 Ng8 15. Ne2 Nf6
16. Kh1 Qd7 17. Ng1 g5 18. h3 h6 19. Kh2 Ne7 20. Ne2 Ng6 21. Ng1 Rg8 22. g3 fxg3+
23. fxg3 Raf8 24. Qe2 Rf7 25. Rf2 Rgf8 26. Rbf1 Ne7 27. Bc1 Nc6 28. Bb2 Qd8 29. Qd1
Kg8 30. Kg2 a6 31. Bc3 Qd7 32. Qe2 Rb8 33. Qd1 Rff8 34. Qe2 b5 35. cxb5 Rxb5 36.
Rb1 Rfb8 37. Qd1 Qb7 38. Rfb2 a5 39. a4 Rb6 40. g4 Nd7 41. Qc2 Nb4 42. Qd2 Nf8 43.
Bd1 Ne6 44. Ne2 Nf4+ 45. Kg3 Nbxd3 46. Bxa5 Qxe4 47. Nxf4 exf4+ 48. Kh2 Bxb2 49.
Bxb6 Rxb6 50. Rxb2 Nxb2 51. Qxb2 Qe3 52. Qg2 Qg3+ 53. Qxg3 fxg3+ 54. Kxg3 Rb4 55.
a5 Rb7 56. a6 Ra7 57. Be2 Kf7 58. Kf3 Ke6 59. Ke3 Ke5 60. Kd3 Rxa6  0-1

[Event "British Chess Championships 2023: AM Tournament U1600"]
[Site "De Montfort University, 20 Western Boulevard, Leicester, LE2 7BU"]
[Date "2023.07.24"]
[Round "1"]
[Board "11"]
[White "Vyas, Rayaan"]
[Black "Boztas, Lana"]
[Result "0-1"]
[WhiteElo "1213"]
[BlackElo "1481"]
[PlyCount "98"]
[EventDate "2023.07.24"]
[EventRounds "6"]
[EventCountry "ENG"]

1. e4 c5 2. c3 Nc6 3. d4 cxd4 4. cxd4 a6 5. Nc3 g6 6. Nf3 Bg7 7. Be3 d6 8. Bc4 e6
9. d5 Ne5 10. Nxe5 Bxe5 11. Bd4 Bxd4 12. Qxd4 e5 13. Qe3 Qh4 14. O-O-O Qh6 15. Qxh6
Nxh6 16. h3 Bd7 17. Kb1 Ke7 18. Rhf1 Rac8 19. Be2 Rhf8 20. f4 f6 21. g4 g5 22. fxe5
fxe5 23. Rxf8 Rxf8 24. Rf1 Rf4 25. Bd3 Kf6 26. Nd1 Nf7 27. Ne3 h6 28. Ng2 Rxf1+ 29.
Bxf1 Kg6 30. Be2 Kg7 31. Ne3 Nh8 32. Bf3 Ng6 33. Nc4 Nf4 34. Nxd6 Nxh3 35. Nxb7 Nf2
36. Nc5 Bxg4 37. Bxg4 Nxg4 38. d6 Kf6 39. Nxa6 Ke6 40. b4 Kxd6 41. b5 h5 42. Nb8
Kc7 43. a4 Kxb8 44. a5 Ka7 45. Kc2 h4 46. Kc3 h3 47. Kc4 h2 48. Kc5 h1=Q 49. Kc6
Qxe4+  0-1

[Event "British Chess Championships 2023: AM Tournament U1600"]
[Site "De Montfort University, 20 Western Boulevard, Leicester, LE2 7BU"]
[Date "2023.07.25"]
[Round "2"]
[Board "1"]
[White "Gilbert, David J"]
[Black "Tomy, Jake"]
[Result "1/2-1/2"]
[WhiteElo "1603"]
[BlackElo "1540"]
[PlyCount "116"]
[EventDate "2023.07.24"]
[EventRounds "6"]
[EventCountry "ENG"]

1. c4 e6 2. Nc3 d5 3. e3 Nf6 4. Nf3 Be7 5. b3 O-O 6. Bb2 c5 7. d4 Nc6 8. Be2 dxc4
9. Bxc4 cxd4 10. exd4 Bb4 11. O-O Bxc3 12. Bxc3 Nd5 13. Bb2 Nce7 14. Rc1 Bd7 15.
Ne5 b5 16. Bd3 Nf6 17. Ba3 Re8 18. Bxe7 Rxe7 19. Nc6 Bxc6 20. Rxc6 Rb8 21. Qd2 Rd7
22. Rd1 g6 23. Bb1 e5 24. Rxf6 Qxf6 25. d5 Rd6 26. Qe2 a6 27. a4 b4 28. Be4 Qe7 29.
g3 f5 30. Bd3 a5 31. Bc4 Rf8 32. Re1 e4 33. Qe3 Qd8 34. Qc5 Qb6 35. Qxb6 Rxb6 36.
d6+ Kg7 37. d7 Rd6 38. Bb5 Rd8 39. Rc1 R6xd7 40. Bxd7 Rxd7 41. Rc5 Rd3 42. Rxa5 Rxb3
43. Rb5 Rb1+ 44. Kg2 b3 45. a5 b2 46. a6 Ra1 47. Rxb2 Rxa6 48. h4 h6 49. Rc2 g5 50.
Kh3 Kf6 51. g4 Ra3+ 52. Kg2 gxh4 53. gxf5 Kxf5 54. Rc8 h3+ 55. Kh2 Kg4 56. Rg8+ Kf3
57. Rg3+ Kxf2 58. Rxa3 e3  1/2-1/2

[Event "British Chess Championships 2023: AM Tournament U1600"]
[Site "De Montfort University, 20 Western Boulevard, Leicester, LE2 7BU"]
[Date "2023.07.25"]
[Round "2"]
[Board "2"]
[White "Jardine, Kenneth"]
[Black "Mathur, Vihaan"]
[Result "0-1"]
[WhiteElo "1537"]
[BlackElo "1601"]
[PlyCount "110"]
[EventDate "2023.07.24"]
[EventRounds "6"]
[EventCountry "ENG"]

1. e4 e5 2. Nf3 Nc6 3. d4 exd4 4. Nxd4 Bc5 5. c3 Bxd4 6. cxd4 d5 7. e5 Nge7 8. Bg5
h6 9. Be3 a6 10. Be2 Nf5 11. O-O O-O 12. Nc3 Nce7 13. Bf3 c6 14. Re1 Nxe3 15. Rxe3
Nf5 16. Rd3 Nh4 17. Bg4 f5 18. Be2 f4 19. f3 Rf5 20. Bf1 Rg5 21. Rd2 Qe8 22. Rf2
Be6 23. Ne2 Qf7 24. Qd2 Rf8 25. Rc1 Qf5 26. Rc3 Rg6 27. Rb3 Rf7 28. Qd3 Qg5 29. Qd2
Bh3 30. Nc1 Bf5 31. Ne2 Be6 32. Kh1 h5 33. a3 Rh6 34. g3 Ng6 35. gxf4 Qh4 36. Rg2
Bh3 37. Rg1 Bxf1 38. Rxf1 Qh3 39. Rg1 Nh4 40. Qe3 Re6 41. Ng3 Nf5 42. Nxf5 Qxf5 43.
Qd2 b5 44. Qg2 Qxf4 45. Qh3 Qf5 46. Qh4 Rg6 47. Qd8+ Kh7 48. Rxg6 Qxg6 49. Re3 Qb1+
50. Kg2 Qxb2+ 51. Kg3 Qxd4 52. Qg5 h4+ 53. Kh3 Qf4 54. Qh5+ Kg8 55. e6 Re7  0-1

[Event "British Chess Championships 2023: AM Tournament U1600"]
[Site "De Montfort University, 20 Western Boulevard, Leicester, LE2 7BU"]
[Date "2023.07.25"]
[Round "2"]
[Board "3"]
[White "Pride, Stephen C"]
[Black "Chadwick, Susan E"]
[Result "1-0"]
[WhiteElo "1584"]
[BlackElo "1455"]
[PlyCount "115"]
[EventDate "2023.07.24"]
[EventRounds "6"]
[EventCountry "ENG"]

1. d4 d5 2. Bf4 Nf6 3. Nc3 e6 4. e3 Be7 5. Bd3 b6 6. Nf3 c6 7. O-O Ba6 8. Ne5 Bxd3
9. Qxd3 O-O 10. h3 Nfd7 11. Rad1 Nxe5 12. Bxe5 Nd7 13. Bh2 Nf6 14. e4 dxe4 15. Nxe4
Nd5 16. c3 c5 17. dxc5 bxc5 18. Qe2 Qb6 19. Rfe1 Rfd8 20. Qc2 Nf6 21. Nxf6+ Bxf6
22. b3 Rxd1 23. Rxd1 Rd8 24. Rxd8+ Qxd8 25. Bf4 Qd5 26. c4 Qd8 27. Qd2 Qxd2 28. Bxd2
Bd4 29. Kf1 e5 30. Ke2 f5 31. f3 h6 32. g4 fxg4 33. fxg4 g5 34. Kf3 Kf7 35. Ke4 Ke6
36. Bc1 Bc3 37. a3 Bd4 38. b4 a6 39. b5 axb5 40. cxb5 c4 41. a4 Bc3 42. Ba3 Ba5 43.
Bf8 c3 44. Bxh6 Kf6 45. Bf8 c2 46. Ba3 Bd2 47. b6 Ba5 48. b7 Bc7 49. Kd3 Ke6 50.
Kxc2 Kd7 51. Bc1 Bb8 52. Bxg5 Kc7 53. Kd3 Kxb7 54. Ke4 Kc6 55. Bf6 Bc7 56. g5 Kd7
57. g6 Ke8 58. h4  1-0

[Event "British Chess Championships 2023: AM Tournament U1600"]
[Site "De Montfort University, 20 Western Boulevard, Leicester, LE2 7BU"]
[Date "2023.07.25"]
[Round "2"]
[Board "4"]
[White "Fraser, Chris A"]
[Black "Rattray, Roland"]
[Result "0-1"]
[WhiteElo "1508"]
[BlackElo "1555"]
[PlyCount "98"]
[EventDate "2023.07.24"]
[EventRounds "6"]
[EventCountry "ENG"]

1. e4 c5 2. Nc3 Nc6 3. f4 d6 4. Nf3 Nf6 5. Bb5 Bd7 6. d3 g6 7. O-O Bg7 8. Qe1 O-O
9. Bxc6 Bxc6 10. Qh4 e6 11. f5 Nh5 12. Bg5 Bf6 13. fxg6 fxg6 14. Ne2 h6 15. Bxf6
Qxf6 16. Qg4 Bd7 17. Nh4 Qg5 18. Qxg5 hxg5 19. Nf3 Nf4 20. Ng3 g4 21. Nd2 b5 22.
b3 e5 23. a4 a6 24. Ra2 Be6 25. axb5 axb5 26. Rfa1 Rab8 27. Ra6 d5 28. c4 bxc4 29.
dxc4 dxc4 30. Nxc4 Rxb3 31. Nxe5 Kg7 32. Ra7+ Kf6 33. Nd7+ Bxd7 34. Rxd7 Rfb8 35.
Rd2 Rb1+ 36. Rxb1 Rxb1+ 37. Kf2 Ke5 38. Rc2 Kd4 39. Ne2+ Nxe2 40. Rxe2 Ke5 41. Ke3
c4 42. Kd2 Rb2+ 43. Ke3 Rxe2+ 44. Kxe2 Kxe4 45. Kd2 Kd4 46. Kc2 Ke3 47. Kc3 Kf2 48.
h3 g3 49. Kxc4 Kxg2  0-1

[Event "British Chess Championships 2023: AM Tournament U1600"]
[Site "De Montfort University, 20 Western Boulevard, Leicester, LE2 7BU"]
[Date "2023.07.25"]
[Round "2"]
[Board "5"]
[White "Joseph, Tomy"]
[Black "Finlay, Liam"]
[Result "0-1"]
[WhiteElo "1549"]
[BlackElo "1256"]
[PlyCount "86"]
[EventDate "2023.07.24"]
[EventRounds "6"]
[EventCountry "ENG"]

1. e4 c5 2. Nf3 d6 3. c3 Nf6 4. Qc2 Qc7 5. Bc4 g6 6. d4 cxd4 7. cxd4 a6 8. Bd3 Qxc2
9. Bxc2 Bg7 10. h3 Nc6 11. O-O Nb4 12. Bd1 Nxe4 13. Re1 Nf6 14. Bg5 Bf5 15. Nc3 e6
16. a3 Nbd5 17. g4 Bd3 18. Bxf6 Nxf6 19. g5 Nd7 20. Nd5 O-O 21. Nf4 Bb5 22. Bb3 d5
23. Rac1 Rac8 24. a4 Bc6 25. Nd3 Nb6 26. a5 Nc4 27. Ba2 Nxa5 28. Nfe5 Bb5 29. Nc5
Bxe5 30. dxe5 b6 31. b4 bxc5 32. bxa5 c4 33. Re3 Rfd8 34. Rf3 d4 35. Kf1 d3 36. Rd1
d2 37. Rc3 Rd4 38. Ke2 Rcd8 39. Bb1 Ba4 40. Bc2 Bxc2 41. Rxc2 Re4+ 42. Kf3 Rxe5 43.
Rxc4 Re1  0-1

[Event "British Chess Championships 2023: AM Tournament U1600"]
[Site "De Montfort University, 20 Western Boulevard, Leicester, LE2 7BU"]
[Date "2023.07.25"]
[Round "2"]
[Board "6"]
[White "Boztas, Lana"]
[Black "Chu, Yin"]
[Result "1/2-1/2"]
[WhiteElo "1481"]
[BlackElo "1462"]
[PlyCount "72"]
[EventDate "2023.07.24"]
[EventRounds "6"]
[EventCountry "ENG"]

1. c4 d6 2. d3 Nf6 3. Nf3 g6 4. Nc3 Bg7 5. g3 O-O 6. Bg2 c6 7. O-O Nbd7 8. Bd2 Nb6
9. Qc1 Bg4 10. h3 Bxf3 11. Bxf3 e5 12. Bh6 Qd7 13. Bxg7 Kxg7 14. Bg2 d5 15. cxd5
cxd5 16. Rd1 Rac8 17. Qg5 h6 18. Qxe5 d4 19. Ne4 Nbd5 20. Qxd4 Rc2 21. Nxf6 Nxf6
22. Qxd7 Nxd7 23. Kf1 Rxb2 24. Rdb1 Rxb1+ 25. Rxb1 b6 26. Rc1 a5 27. a4 Nc5 28. Bc6
Rd8 29. Bb5 Rd4 30. Rc4 Rxc4 31. dxc4 Kf6 32. f4 Kf5 33. Kf2 Ke4 34. g4 g5 35. f5
f6 36. Bc6+ Kd4  1/2-1/2

[Event "British Chess Championships 2023: AM Tournament U1600"]
[Site "De Montfort University, 20 Western Boulevard, Leicester, LE2 7BU"]
[Date "2023.07.25"]
[Round "2"]
[Board "7"]
[White "Mehrgan, Mehrsam"]
[Black "Jestico, John V"]
[Result "1-0"]
[WhiteElo "1118"]
[BlackElo "1466"]
[PlyCount "64"]
[EventDate "2023.07.24"]
[EventRounds "6"]
[EventCountry "ENG"]

1. Nf3 Nf6 2. d4 d5 3. c4 h6 4. Nc3 e6 5. a3 c5 6. e3 Bd7 7. Bd3 Bd6 8. h3 Nc6 9.
Bd2 Rc8 10. cxd5 exd5 11. dxc5 Bxc5 12. O-O O-O 13. Bc2 a6 14. Re1 b5 15. Nd4 Bxd4
16. exd4 Re8 17. Be3 Be6 18. Qd2 Nh7 19. Bxh6 g6 20. Re3 Qf6 21. Ne2 Rc7 22. Rf3
Qe7 23. Qf4 f5 24. Qg3 Kf7 25. Nf4 g5 26. Nxe6 f4 27. Nxc7 Qxc7 28. Bxh7 Nxd4 29.
Qxg5 Nxf3+ 30. gxf3 Ke6 31. Re1+ Kd7 32. Qg7+ Kc6  1-0

[Event "British Chess Championships 2023: AM Tournament U1600"]
[Site "De Montfort University, 20 Western Boulevard, Leicester, LE2 7BU"]
[Date "2023.07.25"]
[Round "2"]
[Board "8"]
[White "Dunne, David C"]
[Black "Brown, Stephanie"]
[Result "1/2-1/2"]
[WhiteElo "1448"]
[BlackElo "1406"]
[PlyCount "61"]
[EventDate "2023.07.24"]
[EventRounds "6"]
[EventCountry "ENG"]

1. e4 e6 2. d3 d5 3. Nd2 Nf6 4. g3 dxe4 5. dxe4 Nc6 6. Bg2 Bc5 7. c3 a5 8. Ngf3 Ng4
9. O-O b5 10. Nd4 Bxd4 11. Qxg4 Bf6 12. Qe2 Rb8 13. Rd1 Qe7 14. Nf3 Ne5 15. Nd4 Qc5
16. Be3 Qc4 17. Qd2 b4 18. Bf1 bxc3 19. Bxc4 cxd2 20. Bb5+ Bd7 21. Bxd7+ Nxd7 22.
Rxd2 Bxd4 23. Bxd4 e5 24. Bc3 Rc8 25. Bxa5 Nc5 26. Rc1 Ne6 27. Bc3 f6 28. Kg2 O-O
29. a4 Nc5 30. Re2 Nxa4 31. Rec2  1/2-1/2

[Event "British Chess Championships 2023: AM Tournament U1600"]
[Site "De Montfort University, 20 Western Boulevard, Leicester, LE2 7BU"]
[Date "2023.07.25"]
[Round "2"]
[Board "9"]
[White "Hodges, John"]
[Black "Revitt, Ian"]
[Result "1/2-1/2"]
[WhiteElo "1352"]
[BlackElo "1417"]
[PlyCount "62"]
[EventDate "2023.07.24"]
[EventRounds "6"]
[EventCountry "ENG"]

1. d4 d5 2. Nf3 Nc6 3. e3 a6 4. a3 Nf6 5. Bd3 Bg4 6. Nbd2 e6 7. O-O Bd6 8. h3 Bh5
9. c4 e5 10. Be2 e4 11. c5 exf3 12. Nxf3 Be7 13. Qb3 Rb8 14. Re1 O-O 15. g4 Bg6 16.
Nh4 Ne4 17. Nxg6 hxg6 18. Rf1 b5 19. Bf3 Nf6 20. Bd2 Ne4 21. Bxe4 dxe4 22. Rad1 Bf6
23. Bc3 Ne7 24. d5 Bxc3 25. bxc3 Qc8 26. Kg2 g5 27. Rd4 Qb7 28. c6 Qb6 29. Rxe4 Qc5
30. Rd1 Kh8 31. Red4 Qd6  1/2-1/2

[Event "British Chess Championships 2023: AM Tournament U1600"]
[Site "De Montfort University, 20 Western Boulevard, Leicester, LE2 7BU"]
[Date "2023.07.25"]
[Round "2"]
[Board "10"]
[White "Miles, Barry S"]
[Black "Walsh, Shaun"]
[Result "1-0"]
[WhiteElo "1407"]
[BlackElo "1323"]
[PlyCount "39"]
[EventDate "2023.07.24"]
[EventRounds "6"]
[EventCountry "ENG"]

1. d4 Nf6 2. c4 e6 3. Nc3 Bb4 4. Bd2 b6 5. Nf3 Bb7 6. e3 Ne4 7. Nxe4 Bxd2+ 8. Nexd2
O-O 9. Bd3 f5 10. O-O d6 11. Qc2 Nd7 12. Rfe1 Nf6 13. h3 Rc8 14. Qb3 Qd7 15. Rac1
Rf7 16. c5 dxc5 17. dxc5 Bd5 18. Bc4 Bxc4 19. Nxc4 Nd5 20. Nce5  1-0

[Event "British Chess Championships 2023: AM Tournament U1600"]
[Site "De Montfort University, 20 Western Boulevard, Leicester, LE2 7BU"]
[Date "2023.07.26"]
[Round "3"]
[Board "1"]
[White "Mathur, Vihaan"]
[Black "Rattray, Roland"]
[Result "1-0"]
[WhiteElo "1601"]
[BlackElo "1555"]
[PlyCount "53"]
[EventDate "2023.07.24"]
[EventRounds "6"]
[EventCountry "ENG"]

1. d4 f5 2. Bf4 e6 3. e3 Nf6 4. Nf3 Be7 5. Bc4 O-O 6. Nbd2 d6 7. h3 Qe8 8. Qe2 a6
9. Bg5 Qg6 10. Bxf6 Bxf6 11. c3 b5 12. Bd3 Re8 13. O-O-O e5 14. dxe5 dxe5 15. e4
c5 16. exf5 Bxf5 17. Ne4 Nd7 18. g4 Bxe4 19. Bxe4 Qf7 20. Bd5 Re6 21. Bxa8 Nb6 22.
Bd5 Nxd5 23. Rxd5 Be7 24. Rxe5 Bg5+ 25. Nxg5 Qf4+ 26. Qe3 Qxe5 27. Nxe6  1-0

[Event "British Chess Championships 2023: AM Tournament U1600"]
[Site "De Montfort University, 20 Western Boulevard, Leicester, LE2 7BU"]
[Date "2023.07.26"]
[Round "3"]
[Board "2"]
[White "Finlay, Liam"]
[Black "Pride, Stephen C"]
[Result "1-0"]
[WhiteElo "1256"]
[BlackElo "1584"]
[PlyCount "73"]
[EventDate "2023.07.24"]
[EventRounds "6"]
[EventCountry "ENG"]

1. e4 Nf6 2. e5 Nd5 3. c4 Nb6 4. d4 d6 5. Nf3 Bf5 6. Nc3 e6 7. Bd3 Bxd3 8. Qxd3 Be7
9. Be3 dxe5 10. Nxe5 N8d7 11. Nxd7 Qxd7 12. O-O O-O 13. Rad1 Rfd8 14. Qe2 Qe8 15.
a3 a5 16. Bf4 Bd6 17. Bxd6 cxd6 18. Nb5 Qc6 19. Rc1 Nc8 20. Rfe1 Qd7 21. Rc3 Na7
22. Nxa7 Rxa7 23. Qe3 Raa8 24. Qg5 h6 25. Qg4 Kh7 26. Ree3 f5 27. Qh4 g5 28. Qh5
Qe8 29. Qe2 e5 30. Rc1 e4 31. f3 d5 32. cxd5 Rxd5 33. fxe4 Rxd4 34. exf5 Qd8 35.
Re7+ Kg8 36. Qe6+ Kh8 37. Qxh6+  1-0

[Event "British Chess Championships 2023: AM Tournament U1600"]
[Site "De Montfort University, 20 Western Boulevard, Leicester, LE2 7BU"]
[Date "2023.07.26"]
[Round "3"]
[Board "3"]
[White "Boztas, Lana"]
[Black "Gilbert, David J"]
[Result "1-0"]
[WhiteElo "1481"]
[BlackElo "1603"]
[PlyCount "153"]
[EventDate "2023.07.24"]
[EventRounds "6"]
[EventCountry "ENG"]

1. c4 e5 2. d3 Nf6 3. Nc3 Bc5 4. g3 a6 5. Bg2 d6 6. Nf3 O-O 7. O-O Nc6 8. Bg5 h6
9. Bxf6 Qxf6 10. Ne4 Qe7 11. Nxc5 dxc5 12. Nd2 Rb8 13. Ne4 Be6 14. a3 Rfd8 15. Rb1
Bxc4 16. Qc2 Bd5 17. Qxc5 Qxc5 18. Nxc5 Bxg2 19. Kxg2 Nd4 20. Rfe1 a5 21. Rbc1 Rd6
22. Ne4 Rd7 23. Rc5 b6 24. Rxe5 f6 25. Rh5 Re8 26. Kf1 Rde7 27. e3 Nf3 28. Re2 Ne5
29. Rd2 Rd8 30. Ke2 Ree8 31. d4 Nc6 32. d5 Ne5 33. d6 cxd6 34. Rc2 d5 35. Nc3 d4
36. exd4 Rxd4 37. f3 Kh7 38. Ne4 Kg6 39. g4 Nxg4 40. fxg4 Rexe4+ 41. Kf3 Re6 42.
Rc3 Ree4 43. h3 Rf4+ 44. Kg3 Rfe4 45. Rb5 Re6 46. Rcb3 Red6 47. Rf3 Rd3 48. h4 a4
49. h5+ Kf7 50. Rb4 Rxf3+ 51. Kxf3 Rd3+ 52. Kf4 Rb3 53. Ke4 Rxb4+ 54. axb4 Ke6 55.
b5 Kd6 56. Kf5 Kc5 57. Kg6 Kb4 58. Kxg7 Kb3 59. Kxh6 Kxb2 60. Kg7 a3 61. h6 a2 62.
h7 a1=Q 63. h8=Q Kb3 64. Qg8+ Kb4 65. Qf8+ Kxb5 66. Qxf6 Qa7+ 67. Kh8 Qc7 68. g5
Qc8+ 69. Kg7 Qb7+ 70. Qf7 Qe4 71. g6 Qg4 72. Kg8 Ka5 73. g7 b5 74. Kf8 Qb4+ 75. Qe7
Qf4+ 76. Ke8 Qb8+ 77. Qd8+  1-0

[Event "British Chess Championships 2023: AM Tournament U1600"]
[Site "De Montfort University, 20 Western Boulevard, Leicester, LE2 7BU"]
[Date "2023.07.26"]
[Round "3"]
[Board "4"]
[White "Tomy, Jake"]
[Black "Mehrgan, Mehrsam"]
[Result "0-1"]
[WhiteElo "1540"]
[BlackElo "1118"]
[PlyCount "80"]
[EventDate "2023.07.24"]
[EventRounds "6"]
[EventCountry "ENG"]

1. e4 c6 2. d4 d5 3. Nc3 e6 4. Bf4 Bb4 5. exd5 exd5 6. Qd2 Nf6 7. O-O-O O-O 8. Nf3
Ne4 9. Qe3 Bxc3 10. bxc3 Qa5 11. c4 Qxa2 12. Qb3 Qa1+ 13. Qb1 Qxb1+ 14. Kxb1 Nc3+
15. Kc1 Nxd1 16. Kxd1 a5 17. Bd6 Re8 18. Bd3 Be6 19. Re1 Nd7 20. Ng5 dxc4 21. Bxh7+
Kh8 22. Be4 f6 23. Nxe6 Rxe6 24. Ba3 Rae8 25. Re3 Rxe4 26. Rh3+ Kg8 27. Kc1 Rxd4
28. Rh5 b5 29. Kb2 b4 30. Rxa5 bxa3+ 31. Rxa3 Rb8+ 32. Kc3 Re4 33. Ra6 Ne5 34. f3
Rf4 35. Ra7 Rb1 36. Ra8+ Kh7 37. Rd8 Rh1 38. h3 Rh2 39. Rd2 Nxf3 40. Rf2 g5  0-1